000
00283nam a22001337a 4500
008
170519b xxu||||| |||| 00| 0 eng d
020
_a
9780966879506
041
_a
eng
080
_a
94
100
_a
16
101
_a
SHH
245
_a
CITIZEN POWER
_c
EPSTEIN.R
942
_2
udc
_c
BK
999
_c
13594
_d
13594